Seisoene van genade (Record no. 188756)

MARC details
000 -LEADER
fixed length control field 00277nam a2200097Ia 4500
082 ## - DEWEY DECIMAL CLASSIFICATION NUMBER
Classification number 248.4 COM
008 - FIXED-LENGTH DATA ELEMENTS--GENERAL INFORMATION
fixed length control field 210817s9999 xx 000 0 und d
100 ## - MAIN ENTRY--PERSONAL NAME
Personal name Burger, C. W. Wellington [South Africa], 2005 1ste uitg
9 (RLIN) 60015
245 #0 - TITLE STATEMENT
Title Seisoene van genade
942 ## - ADDED ENTRY ELEMENTS
item type Books
Holdings
Withdrawn status Lost status Damaged status Not for loan Home library Current library Date acquired Cost, normal purchase price Total Checkouts Barcode Date last seen Price effective from item type
        Jeremiah Madonsela Public Library Jeremiah Madonsela Public Library 18.08.2021 35.00   33228018076644 18.08.2021 18.08.2021 Books